| 000 | 01644namaa22003251i 4500 | ||
|---|---|---|---|
| 003 | EG-GICUC | ||
| 005 | 20260416131711.0 | ||
| 008 | 260416s1992 ua ||||jr|||| 001 0 ara d | ||
| 040 |
_aEG-GiCUC _bara _cEG-GiCUC _dEG-GiCUC _erda |
||
| 082 | 0 | 4 |
_221 _a953.08 _bY956 1992 |
| 092 | 0 | 4 |
_221 _a953.08 _bY956 1992 |
| 099 | _a953.08 Y956 1992 | ||
| 100 | 1 |
_aاليونينى، موسى بن محمد، _d1242 او 1243-1325 او 1326. _eمؤلف. |
|
| 245 | 1 | 0 |
_aذيل مرآة الزمان : _bمن وقائع سنة 654 الى سنة 662 هجرية / _cالشيخ قطب الدين موسى بن محمد لبيونينى. |
| 250 | _aالطبعة التانية. | ||
| 264 |
_aالقاهرة : _bدار الكتاب الاسلامى، _c1992. |
||
| 300 |
_a4مجلدات _b؛ _c24 سم. |
||
| 336 |
_2rdacontent _atext |
||
| 337 |
_2rdamedia _aUnmediated |
||
| 338 |
_2rdacarrier _avolume |
||
| 500 | _aصحح عن النسختين القديمتين المحفوظين فى اكسفورد واستانبول بعناية وزارة التحقيقات الحكمية و الامور الثقافية للحكومة الهندية | ||
| 504 | _aيشتمل على ارجاعات ببلوجرافية وكشافات. | ||
| 541 |
_aد . جابر عصفور ؛ _bالقاهرة ؛ _cإهداء ؛ _d2024. |
||
| 650 | 1 | 7 |
_aالتاريخ الاسلامى _vالاعمال الاولية حتى 1800 _2qrmak |
| 650 | 1 | 7 |
_aالمماليك _vالاعمال الاولية حتى 1800 _2qrmak |
| 651 | 1 | _2qrmak | |
| 710 | 1 | 0 | _aوزارة التحقيقات الحكمية و الامور الثقافية |
| 905 | _aNoha | ||
| 942 |
_2ddc _cREF _e21 _n0 |
||
| 999 |
_c179527 _d179527 |
||